History by Letter #2 - A - Statistics

General Stats
  • This quiz has been taken 1,483 times
  • The average score is 9 of 23
Answer Stats
Hint Answer % Correct
City in Egypt famous for its Lighthouse and Library Alexandria
87%
Country that fought the Falklands War with the UK Argentina
84%
Largest and most well-known German Concentration Camp in WWII Auschwitz
81%
Original inhabitants of Australia Aboriginals
70%
Greek Goddess of Hunting Artemis
69%
In 1915, the Ottomans started a genocide of this ethnic group Armenians
66%
High fortified area of an ancient Greek city, of which the most known stands in Athens Acropolis
60%
Greek God of Light Apollo
55%
French City where seven Popes resided Avignon
48%
Only English king to be known as 'The Great' Alfred the Great
44%
French Province conquered by the Germans in 1871 Alsace
44%
President of the US who succeeded James Garfield after his assassination Chester A. Arthur
40%
Mythical Commander of the Greek Army in the Trojan War Agamemnon
38%
Ancient Greek School founded by Plato, Aristotle studied here Academy
20%
Trojan Prince who flees to Italy, ancestor of Romulus and Remus Aeneas
20%
Egyptian Pharaoh who started a monotheistic belief in the Sun Disk, or Aten Akhenaten
19%
Dynasty of Caliphs that succeeded the Umayyads Abbasids
15%
Egyptian Temple with 4 large statues of Rameses the Great Abu Simbel
13%
Supposedly the First Empire ever, founded by Sargon the Great Akkadian Empire
13%
Emperor of the Mauryan Empire in India, called 'The Great' Ashoka
12%
Muhammads father-in-law and his first successor, or Caliph Abu Bakr
11%
City in what is now Turkey, founded in the 4th century BC, where Ignatius lived Antioch
10%
Ethiopian Kingdom that lasted from 400 BC - 700 AD, one of the first Christian Kingdoms Aksum
6%
No matching quizzes found
Score Distribution
Percent of People with Each Score
Percentile by Number Answered
Your Score History
You have not taken this quiz